De Cine : (Record no. 32266)

MARC details
000 -LEADER
fixed length control field 00844nam a22002417a 4500
008 - FIXED-LENGTH DATA ELEMENTS--GENERAL INFORMATION
fixed length control field 120803t sp ||||| |||| 00| 0 spa d
020 ## - INTERNATIONAL STANDARD BOOK NUMBER
International Standard Book Number 9788496489714
020 ## - INTERNATIONAL STANDARD BOOK NUMBER
International Standard Book Number 849648971X
050 04 - LIBRARY OF CONGRESS CALL NUMBER
Classification number PS3537 .C7114
Item number .Z52 2006
100 1# - MAIN ENTRY--PERSONAL NAME
Personal name Schulberg, Budd
245 13 - TITLE STATEMENT
Title De Cine :
Remainder of title Memorias de un príncipe de Hollywood /
Statement of responsibility, etc Budd Schulberg ; traducción de J. Martín Lloret
250 ## - EDITION STATEMENT
Edition statement 1a ed.
260 ## - PUBLICATION, DISTRIBUTION, ETC. (IMPRINT)
Place of publication, distribution, etc Barcelona :
Name of publisher, distributor, etc Alcantilado,
Date of publication, distribution, etc 2006
300 ## - PHYSICAL DESCRIPTION
Extent 732 p. ;
Dimensions 21 cm.
440 #0 - SERIES STATEMENT/ADDED ENTRY--TITLE
Title Acantilado ;
Volume number/sequential designation 136
504 ## - BIBLIOGRAPHY, ETC. NOTE
Bibliography, etc Incluye : referencias bibliograficas
600 14 - SUBJECT ADDED ENTRY--PERSONAL NAME
Personal name Schulberg, Budd
Chronological subdivision Siglo XX
Form subdivision Autores americanos
General subdivision Biografia
650 #4 - SUBJECT ADDED ENTRY--TOPICAL TERM
Topical term or geographic name as entry element Guionista
650 #4 - SUBJECT ADDED ENTRY--TOPICAL TERM
Topical term or geographic name as entry element Guionistas
Geographic subdivision Estados Unidos
General subdivision Biografia
650 #4 - SUBJECT ADDED ENTRY--TOPICAL TERM
Geographic subdivision Hollywwood ( Los Angeles California)
General subdivision Biografía
700 1# - ADDED ENTRY--PERSONAL NAME
Personal name Lloret, J. Martín,
Fuller form of name tr.
942 ## - ADDED ENTRY ELEMENTS (KOHA)
Source of classification or shelving scheme Biblioteca del Cogreso de los Estados Unidos
Koha item type Libro
Holdings
Estado de pérdida Fuente de clasificación Estado del daño No para préstamo Ubicación permanente Ubicación actual Fecha de adquisición Fuente de adquisición Enumeración de Serie / Cronológica Clasificación Código de Barras Date last seen Número de copia Tipo de recurso Nota pública
  Biblioteca del Cogreso de los Estados Unidos     Biblioteca de la Facultad de Letras Biblioteca de la Facultad de Letras 03/08/2012   LLH0000001617 PS3537 .C7114 .Z52 2006 LLH0000001617 16/01/2015 C.1 Libro General